[Event "Khanty-Mansiysk Governor Cup-B 5th"]
[Site "Khanty-Mansiysk"]
[Date "2009.12.04"]
[Round "11"]
[White "Cherniuk, Mikhail"]
[Black "Bakin, Alexander1111"]
[Result "1/2-1/2"]
[WhiteElo "2113"]
[BlackElo "2251"]
[PlyCount "91"]
[EventDate "2009.11.24"]
[EventType "swiss"]
[EventRounds "11"]
[EventCountry "RUS"]
[SourceTitle "EXT 2011"]
[Source "ChessBase"]
[SourceDate "2010.11.26"]
[SourceVersion "1"]
[SourceVersionDate "2010.11.26"]
[SourceQuality "1"]

1. e4 c6 2. Ne2 d5 3. e5 c5 4. d4 Nc6 5. c3 Bf5 6. Ng3 Bg6 7. Bd3 Bxd3 8. Qxd3 e6 9. 0-0 Qb6 10. Rd1 h5 11. Na3 h4 12. Ne2 Nh6 13. Nc2 Nf5 14. Ne3 g6 15. Nxf5 gxf5 16. Bg5 cxd4 17. cxd4 Be7 18. Bxe7 Nxe7 19. b4 Rc8 20. b5 Rc4 21. a4 Qa5 22. Rdc1 Rxa4 23. Rxa4 Qxa4 24. Qc3 Qxb5 25. Qc7 Kf8 26. Nf4 Qb6 27. Qd7 Rh6 28. Nd3 Nc6 29. Nc5 Qb2 30. Rd1 Nxd4 31. Qd8+ Kg7 32. Nd7 Qb4 33. Nf6 Rh8 34. Ne8+ Rxe8 35. Qxe8 Qb3 36. Rf1 Ne2+ 37. Kh1 h3 38. Qe7 hxg2+ 39. Kxg2 Nf4+ 40. Kg1 Ne2+ 41. Kg2 Nf4+ 42. Kg1 Qf3 43. Qf6+ Kg8 44. Qd8+ Kh7 45. Qh4+ Kg7 46. Qf6+ 1/2-1/2

[Event "Khanty-Mansiysk Governor Cup-B 5th"]
[Site "Khanty-Mansiysk"]
[Date "2009.11.30"]
[Round "7"]
[White "Cherniuk, Mikhail"]
[Black "Shustov, Igor"]
[Result "1-0"]
[WhiteElo "2113"]
[BlackElo "2057"]
[PlyCount "52"]
[EventDate "2009.11.24"]
[EventType "swiss"]
[EventRounds "11"]
[EventCountry "RUS"]
[SourceTitle "EXT 2011"]
[Source "ChessBase"]
[SourceDate "2010.11.26"]
[SourceVersion "1"]
[SourceVersionDate "2010.11.26"]
[SourceQuality "1"]

1. e4 c6 2. Ne2 d6 3. d4 Nf6 4. Nbc3 Nbd7 5. f3 e5 6. Be3 b5 7. a3 Bb7 8. Qd2 a6 9. g4 h6 10. Ng3 Qc7 11. 0-0-0 0-0-0 12. h4 exd4 13. Bxd4 d5 14. Rg1 c5 15. Bxf6 Nxf6 16. g5 Bd6 17. Nge2 hxg5 18. hxg5 dxe4 19. gxf6 exf3 20. fxg7 fxe2 21. Qxe2 Rhg8 22. Kb1 Kb8 23. Nd5 Bxd5 24. Rxd5 Rde8 25. Qd1 Re6 26. Bd3 Qe7 1-0

[Event "World School-ch U15 5th"]
[Site "Thessaloniki"]
[Date "2009.05.01"]
[Round "6"]
[White "Cherniuk, Mikhail"]
[Black "Pop, Alexandru"]
[Result "1-0"]
[WhiteElo "2163"]
[BlackElo "2010"]
[PlyCount "79"]
[EventDate "2009.04.27"]
[EventType "swiss"]
[EventRounds "9"]
[EventCountry "GRE"]
[SourceTitle "CBM 130 Extra"]
[Source "ChessBase"]
[SourceDate "2009.07.02"]
[SourceVersion "2"]
[SourceVersionDate "2009.07.15"]
[SourceQuality "1"]

1. c4 c5 2. Nc3 Nf6 3. g3 d5 4. cxd5 Nxd5 5. Bg2 Nc7 6. Nf3 Nc6 7. d3 e5 8. 0-0 Be7 9. Be3 Be6 10. Rc1 f6 11. a3 Qd7 12. Nd2 Nd5 13. Nxd5 Bxd5 14. Bxc5 Bxg2 15. Kxg2 Qd5+ 16. e4 Qxd3 17. Bxe7 Kxe7 18. Qg4 Kf7 19. Nc4 h5 20. Qf5 Rad8 21. Ne3 g6 22. Qf3 Nd4 23. Rc7+ Ke6 24. Re7+ Kxe7 25. Nd5+ Rxd5 26. Qxd3 Rc5 27. Qd2 b6 28. h4 a5 29. Qd3 b5 30. b4 Rc2 31. bxa5 Rhc8 32. Qe3 R8c3 33. Qh6 Rxa3 34. Qg7+ Ke6 35. Qxg6 Raa2 36. Qxh5 Ke7 37. Qh7+ Ke6 38. Qg8+ Ke7 39. Qg7+ Ke6 40. h5 1-0

[Event "World School-ch U15 5th"]
[Site "Thessaloniki"]
[Date "2009.05.01"]
[Round "7"]
[White "Mammadov, Zaur Fazahir Oglu"]
[Black "Cherniuk, Mikhail"]
[Result "1/2-1/2"]
[WhiteElo "2180"]
[BlackElo "2163"]
[PlyCount "63"]
[EventDate "2009.04.27"]
[EventType "swiss"]
[EventRounds "9"]
[EventCountry "GRE"]
[SourceTitle "CBM 130 Extra"]
[Source "ChessBase"]
[SourceDate "2009.07.02"]
[SourceVersion "2"]
[SourceVersionDate "2009.07.15"]
[SourceQuality "1"]

1. d4 Nf6 2. Nf3 d5 3. e3 e6 4. Bd3 Be7 5. 0-0 0-0 6. Nbd2 b6 7. Ne5 Bb7 8. f4 Nbd7 9. Qf3 c5 10. c3 Qc7 11. g4 g6 12. Qg2 a5 13. Bc2 a4 14. a3 b5 15. g5 Nh5 16. Nxd7 Qxd7 17. Nf3 Rfc8 18. Ne5 Qe8 19. Bd1 Ng7 20. Bd2 Nf5 21. Qg4 Bd6 22. h4 b4 23. axb4 cxb4 24. cxb4 Bxe5 25. fxe5 Bc6 26. Rf2 Bb5 27. h5 Bc4 28. Kh2 Bb3 29. Kg2 Qb5 30. Be2 Bc4 31. Bd1 Bb3 32. Be2 1/2-1/2

[Event "World School-ch U15 5th"]
[Site "Thessaloniki"]
[Date "2009.04.30"]
[Round "5"]
[White "Ou, Bonan"]
[Black "Cherniuk, Mikhail"]
[Result "0-1"]
[WhiteElo "1947"]
[BlackElo "2163"]
[PlyCount "98"]
[EventDate "2009.04.27"]
[EventType "swiss"]
[EventRounds "9"]
[EventCountry "GRE"]
[SourceTitle "CBM 130 Extra"]
[Source "ChessBase"]
[SourceDate "2009.07.02"]
[SourceVersion "2"]
[SourceVersionDate "2009.07.15"]
[SourceQuality "1"]

1. e4 e6 2. d4 d5 3. Nc3 Nf6 4. e5 Nfd7 5. Nce2 c5 6. c3 Nc6 7. f4 Be7 8. Nf3 0-0 9. Ng3 f5 10. h4 h6 11. a3 cxd4 12. cxd4 a5 13. Bd2 a4 14. Bd3 Nb6 15. Rc1 Bd7 16. Bc3 Na5 17. Kf2 Nb3 18. Rc2 Rc8 19. Ne2 Qe8 20. Nc1 Bb5 21. Qe2 Bc4 22. Bxc4 dxc4 23. Nxb3 axb3 24. Rcc1 Nd5 25. g3 b5 26. Rhd1 Rf7 27. Nd2 Qd8 28. Nf1 Bxh4 29. gxh4 Nxf4 30. Qf3 Qxh4+ 31. Qg3 Qxg3+ 32. Nxg3 Nd3+ 33. Rxd3 cxd3 34. Rd1 g6 35. Rxd3 Rd7 36. Ne2 g5 37. Ng3 Kf7 38. Nh5 Rc4 39. Nf6 Rd8 40. Ke3 Kg6 41. Ba5 Ra8 42. Bb4 h5 43. Rxb3 h4 44. Rd3 h3 45. Bc3 b4 46. axb4 Ra1 47. Rd2 g4 48. Rh2 Kg5 49. Ke2 Rxc3 0-1

[Event "World School-ch U15 5th"]
[Site "Thessaloniki"]
[Date "2009.04.29"]
[Round "4"]
[White "Lortkipanidze, Nodar"]
[Black "Cherniuk, Mikhail"]
[Result "1-0"]
[WhiteElo "2223"]
[BlackElo "2163"]
[PlyCount "74"]
[EventDate "2009.04.27"]
[EventType "swiss"]
[EventRounds "9"]
[EventCountry "GRE"]
[SourceTitle "CBM 130 Extra"]
[Source "ChessBase"]
[SourceDate "2009.07.02"]
[SourceVersion "2"]
[SourceVersionDate "2009.07.15"]
[SourceQuality "1"]

1. e4 d5 2. exd5 Qxd5 3. Nc3 Qd8 4. g3 c6 5. Bg2 Nf6 6. Nf3 g6 7. 0-0 Bg7 8. Rb1 0-0 9. Re1 Bg4 10. h3 Bf5 11. b4 Nd5 12. Nxd5 Qxd5 13. Bb2 Qd6 14. Bxg7 Kxg7 15. d3 Nd7 16. Qc1 Nf6 17. b5 c5 18. Ne5 Rab8 19. Qa3 Be6 20. Nc4 Bxc4 21. dxc4 a6 22. Rbd1 Qc7 23. Qe3 axb5 24. cxb5 Rfe8 25. Qe5 Qb6 26. a4 Ra8 27. Rd7 Rxa4 28. Rxb7 Qa5 29. Bc6 Rf8 30. Rxe7 Qb4 31. Kg2 Ra2 32. Re2 h5 33. Bd5 c4 34. Bxf7 Rxf7 35. Rxf7+ Kxf7 36. Qc7+ Kg8 37. c3 Qa3 1-0

[Event "RUS-ch U14"]
[Site "Dagomys"]
[Date "2009.04.20"]
[Round "6"]
[White "Cherniuk, Mikhail"]
[Black "Fedoseev, Vladimir1111"]
[Result "1/2-1/2"]
[WhiteElo "2163"]
[BlackElo "2203"]
[PlyCount "80"]
[EventDate "2009.04.15"]
[EventType "swiss"]
[EventRounds "9"]
[EventCountry "RUS"]
[SourceTitle "CBM 130 Extra"]
[Source "ChessBase"]
[SourceDate "2009.07.02"]
[SourceVersion "2"]
[SourceVersionDate "2009.07.15"]
[SourceQuality "1"]

1. d4 Nf6 2. Bg5 c6 3. Bxf6 exf6 4. e3 Qb6 5. Qc1 d5 6. c4 Be6 7. cxd5 cxd5 8. Ne2 Nc6 9. Nbc3 Bd6 10. Qd2 0-0 11. g3 Ne7 12. Bg2 Qa6 13. 0-0 Rac8 14. Rfc1 Qa5 15. Qd1 Rc4 16. a3 b5 17. Nf4 Bxf4 18. gxf4 a6 19. f5 Nxf5 20. Nxd5 Rfc8 21. Nf4 Nd6 22. Nd3 Rxc1 23. Rxc1 Nc4 24. b3 Nd6 25. d5 Bd7 26. Rxc8+ Bxc8 27. Qc1 g6 28. Nb4 Qd8 29. Qc5 Qd7 30. h3 Bb7 31. Qb6 Kg7 32. Nxa6 Bxa6 33. Qxa6 Qe7 34. a4 bxa4 35. bxa4 Qe5 36. Qf1 Qc3 37. Qd1 Qa3 38. Kh2 Qa2 39. Kg1 Qa3 40. Kh2 Qa2 1/2-1/2

[Event "RUS-ch U14"]
[Site "Dagomys"]
[Date "2009.04.19"]
[Round "5"]
[White "Cherniuk, Mikhail"]
[Black "Guzenko, Artem"]
[Result "0-1"]
[WhiteElo "2163"]
[BlackElo "2155"]
[PlyCount "100"]
[EventDate "2009.04.15"]
[EventType "swiss"]
[EventRounds "9"]
[EventCountry "RUS"]
[SourceTitle "CBM 130 Extra"]
[Source "ChessBase"]
[SourceDate "2009.07.02"]
[SourceVersion "2"]
[SourceVersionDate "2009.07.15"]
[SourceQuality "1"]

1. c4 Nf6 2. Nc3 e5 3. g3 c6 4. Bg2 d5 5. cxd5 cxd5 6. d4 exd4 7. Qxd4 Nc6 8. Qd1 Be6 9. Nf3 Bb4 10. 0-0 0-0 11. Nb5 h6 12. Nbd4 Re8 13. h3 Rc8 14. Be3 Bd6 15. Rc1 Qa5 16. a3 Bd7 17. Qd3 a6 18. Nxc6 bxc6 19. b4 Qa4 20. Nd2 a5 21. Nc4 dxc4 22. Qxd6 Be6 23. bxa5 Qxa5 24. Qc5 Qa6 25. Bd4 Nd7 26. Qd6 Nf8 27. Bc3 Red8 28. Qe5 f6 29. Qc5 Bd5 30. e4 Bf7 31. Rfd1 Qa4 32. Rxd8 Rxd8 33. e5 Ne6 34. Qb4 Qxb4 35. axb4 fxe5 36. Bxe5 Nd4 37. Bxd4 Rxd4 38. Bxc6 Kf8 39. b5 Rd3 40. Rb1 Rb3 41. Rc1 Ke7 42. Kf1 Kd6 43. Ke2 Kc5 44. h4 Bg6 45. f3 Kd4 46. Rd1+ Bd3+ 47. Kf2 Rb2+ 48. Kg1 c3 49. Be4 c2 50. Rxd3+ Kc4 0-1

[Event "RUS-ch U14"]
[Site "Dagomys"]
[Date "2009.04.18"]
[Round "4"]
[White "Terentjev, Vladislav"]
[Black "Cherniuk, Mikhail"]
[Result "1/2-1/2"]
[WhiteElo "2175"]
[BlackElo "2163"]
[PlyCount "59"]
[EventDate "2009.04.15"]
[EventType "swiss"]
[EventRounds "9"]
[EventCountry "RUS"]
[SourceTitle "CBM 130 Extra"]
[Source "ChessBase"]
[SourceDate "2009.07.02"]
[SourceVersion "2"]
[SourceVersionDate "2009.07.15"]
[SourceQuality "1"]

1. c4 c5 2. Nf3 Nc6 3. d4 cxd4 4. Nxd4 Nf6 5. Nc3 e6 6. e4 Qc7 7. Ndb5 Qb8 8. Be3 a6 9. Nd4 Bb4 10. Nxc6 bxc6 11. Bd3 d5 12. exd5 cxd5 13. Bd4 dxc4 14. Bxc4 Be7 15. 0-0 0-0 16. Qe2 Bb7 17. Na4 Qc7 18. b3 Bd6 19. h3 Qc6 20. f4 Nh5 21. Rf2 Nxf4 22. Qg4 Ng6 23. Raf1 Rae8 24. h4 h5 25. Qxh5 Qe4 26. Bc5 Qc6 27. Bd4 Qe4 28. Bc5 Qc6 29. Bd4 Qe4 30. Bc5 1/2-1/2

[Event "RUS-ch U14"]
[Site "Dagomys"]
[Date "2009.04.16"]
[Round "2"]
[White "Cherniuk, Mikhail"]
[Black "Kurzykov, Andrey"]
[Result "1-0"]
[WhiteElo "2163"]
[BlackElo "2035"]
[PlyCount "77"]
[EventDate "2009.04.15"]
[EventType "swiss"]
[EventRounds "9"]
[EventCountry "RUS"]
[SourceTitle "CBM 130 Extra"]
[Source "ChessBase"]
[SourceDate "2009.07.02"]
[SourceVersion "2"]
[SourceVersionDate "2009.07.15"]
[SourceQuality "1"]

1. c4 e6 2. Nc3 d5 3. cxd5 exd5 4. d4 Nf6 5. g3 Be7 6. Bg2 0-0 7. Nf3 c6 8. 0-0 h6 9. Qd3 Be6 10. Nh4 Ne4 11. Nxe4 dxe4 12. Qxe4 Bd5 13. Qg4 Be6 14. Nf5 Bxf5 15. Qxf5 Qxd4 16. Be4 g6 17. Qf3 f5 18. Qb3+ Rf7 19. Qxb7 Qxe4 20. Qxa8 Bd6 21. Rd1 Qxe2 22. Rxd6 Qe1+ 23. Kg2 Qe4+ 24. Kf1 Qh1+ 25. Ke2 Re7+ 26. Be3 Rxe3+ 27. Kxe3 Qe4+ 28. Kd2 Qb4+ 29. Kc2 Qe4+ 30. Kd1 Qg4+ 31. f3 Qxf3+ 32. Kc1 Qe3+ 33. Rd2 Qe1+ 34. Kc2 Qe4+ 35. Rd3 Qe2+ 36. Kc3 Qe5+ 37. Kd2 Qxb2+ 38. Ke3 g5 39. Rad1 1-0

[Event "RUS Cup Regions"]
[Site "Belgorod"]
[Date "2008.11.29"]
[Round "10"]
[White "Efanov, Nikolai Aleksandrov"]
[Black "Cherniuk, Mikhail"]
[Result "0-1"]
[WhiteElo "2398"]
[BlackElo "2142"]
[PlyCount "65"]
[EventDate "2008.11.21"]
[EventType "swiss"]
[EventRounds "10"]
[EventCountry "RUS"]
[SourceTitle "EXT 2010"]
[Source "ChessBase"]
[SourceDate "2010.11.25"]
[SourceVersion "1"]
[SourceVersionDate "2010.11.25"]
[SourceQuality "1"]

1. d4 d5 2. c4 e5 3. dxe5 d4 4. Nf3 Nc6 5. g3 Nge7 6. Bg2 Ng6 7. Qa4 Bd7 8. e6 fxe6 9. 0-0 Be7 10. Nbd2 0-0 11. Qb3 Qc8 12. h4 e5 13. h5 Nh8 14. Ne4 Nf7 15. c5 h6 16. Nh2 Be6 17. Qd1 Qd7 18. Bd2 a5 19. b3 Nb4 20. Bxb4 axb4 21. Qd2 Qb5 22. Rac1 c6 23. f4 exf4 24. gxf4 Bd5 25. Ng4 Rfe8 26. Rc2 Rad8 27. Qd3 Qa5 28. f5 Bxe4 29. Bxe4 Bf6 30. Qg3 Ng5 31. Bd3 Re7 32. Kg2 Rd5 33. Bc4 0-1

[Event "RUS Cup Regions"]
[Site "Belgorod"]
[Date "2008.11.27"]
[Round "8"]
[White "Cherniuk, Mikhail"]
[Black "Biryukov, Alexander"]
[Result "1/2-1/2"]
[WhiteElo "2142"]
[BlackElo "2141"]
[PlyCount "74"]
[EventDate "2008.11.21"]
[EventType "swiss"]
[EventRounds "10"]
[EventCountry "RUS"]
[SourceTitle "EXT 2010"]
[Source "ChessBase"]
[SourceDate "2010.11.25"]
[SourceVersion "1"]
[SourceVersionDate "2010.11.25"]
[SourceQuality "1"]

1. e4 e5 2. Nf3 Nc6 3. Bb5 a6 4. Bxc6 dxc6 5. Nc3 Bd6 6. d4 exd4 7. Qxd4 f6 8. Bd2 Ne7 9. 0-0-0 0-0 10. Qc4+ Kh8 11. e5 fxe5 12. Bg5 Qe8 13. Rhe1 Ng6 14. Ne4 Be6 15. Nxd6 Bxc4 16. Nxe8 Raxe8 17. Rd7 h6 18. Nh4 Kh7 19. Nxg6 Kxg6 20. Bh4 Rf7 21. Rxf7 Kxf7 22. f3 b5 23. Kd2 g5 24. Bg3 Kf6 25. b3 Bf7 26. Kc3 c5 27. a3 a5 28. Kb2 c4 29. b4 axb4 30. axb4 c6 31. h4 Bd5 32. Kc3 Kf5 33. hxg5 hxg5 34. Bh2 e4 35. g4+ Kf6 36. fxe4 Rxe4 37. Rxe4 Bxe4 1/2-1/2

[Event "RUS Cup Regions"]
[Site "Belgorod"]
[Date "2008.11.26"]
[Round "7"]
[White "Kovalenko, Sergey"]
[Black "Cherniuk, Mikhail"]
[Result "0-1"]
[WhiteElo "2153"]
[BlackElo "2142"]
[PlyCount "54"]
[EventDate "2008.11.21"]
[EventType "swiss"]
[EventRounds "10"]
[EventCountry "RUS"]
[SourceTitle "EXT 2010"]
[Source "ChessBase"]
[SourceDate "2010.11.25"]
[SourceVersion "1"]
[SourceVersionDate "2010.11.25"]
[SourceQuality "1"]

1. d4 d5 2. c4 e5 3. Nf3 e4 4. Nfd2 c6 5. e3 Nf6 6. Nc3 Bd6 7. Be2 0-0 8. a3 Be6 9. b4 Nbd7 10. cxd5 cxd5 11. f4 exf3 12. Bxf3 Bxh2 13. Nf1 Bd6 14. Bb2 Nb6 15. Qd3 Qd7 16. e4 dxe4 17. Nxe4 Nxe4 18. Bxe4 f5 19. Bf3 Bc4 20. Qd2 Rae8+ 21. Kf2 Bd5 22. Be2 Re6 23. Nh2 Rfe8 24. Bf1 Qc7 25. Nf3 Bg3+ 26. Kg1 Bf4 27. Rc1 Qb8 0-1

[Event "RUS Cup Regions"]
[Site "Belgorod"]
[Date "2008.11.25"]
[Round "6"]
[White "Cherniuk, Mikhail"]
[Black "Gorlanov, Vladislav"]
[Result "1-0"]
[WhiteElo "2142"]
[BlackElo "2165"]
[PlyCount "109"]
[EventDate "2008.11.21"]
[EventType "swiss"]
[EventRounds "10"]
[EventCountry "RUS"]
[SourceTitle "EXT 2010"]
[Source "ChessBase"]
[SourceDate "2010.11.25"]
[SourceVersion "1"]
[SourceVersionDate "2010.11.25"]
[SourceQuality "1"]

1. e4 e5 2. Nf3 Nc6 3. Bb5 d6 4. Bxc6+ bxc6 5. d4 exd4 6. Qxd4 c5 7. Qa4+ Bd7 8. Qa3 Nf6 9. Bg5 Be7 10. Nc3 0-0 11. 0-0-0 Ng4 12. Bxe7 Qxe7 13. Rd2 Bc6 14. Qa6 Qe8 15. h3 Nf6 16. Re1 Rb8 17. Re3 Rb6 18. Qa3 Nd7 19. e5 dxe5 20. Nd5 Bxd5 21. Rxd5 Rd6 22. Rd2 Qd8 23. Qa5 Re8 24. Qxa7 e4 25. Rxd6 cxd6 26. Nd2 d5 27. c4 Ne5 28. cxd5 Nd3+ 29. Kb1 Qf6 30. Qb7 Nxf2 31. a4 h6 32. Qb5 Rc8 33. Qe2 Re8 34. Rf3 Qg6 35. Rxf2 e3+ 36. Kc1 exd2+ 37. Qxd2 Qa6 38. a5 Rd8 39. Re2 Qc4+ 40. Kb1 Rxd5 41. Re8+ Kh7 42. Qc2+ Qxc2+ 43. Kxc2 c4 44. Ra8 Rb5 45. a6 Ra5 46. Kc3 Ra4 47. a7 Kg6 48. Kd4 Kf5 49. Kc5 Kf4 50. Kb5 Ra2 51. Kxc4 Rxb2 52. Rb8 Ra2 53. a8Q Rxa8 54. Rxa8 Kg3 55. Ra2 1-0

[Event "RUS Cup Regions"]
[Site "Belgorod"]
[Date "2008.11.23"]
[Round "3"]
[White "Biryukov, Alexander"]
[Black "Cherniuk, Mikhail"]
[Result "0-1"]
[WhiteElo "2141"]
[BlackElo "2142"]
[PlyCount "86"]
[EventDate "2008.11.21"]
[EventType "swiss"]
[EventRounds "10"]
[EventCountry "RUS"]
[SourceTitle "EXT 2010"]
[Source "ChessBase"]
[SourceDate "2010.11.25"]
[SourceVersion "1"]
[SourceVersionDate "2010.11.25"]
[SourceQuality "1"]

1. d4 d5 2. c4 e5 3. dxe5 d4 4. Nf3 Nc6 5. a3 Nge7 6. b3 Bg4 7. Bb2 Qd7 8. g3 0-0-0 9. Bg2 Ng6 10. h3 Bf5 11. Nbd2 Re8 12. Kf1 Ngxe5 13. g4 Nxf3 14. Nxf3 d3 15. e3 Be4 16. Nd2 Bxg2+ 17. Kxg2 f6 18. Qf3 Bd6 19. Rad1 Be5 20. Bxe5 Nxe5 21. Qd5 Qe7 22. b4 h5 23. Qe4 Qd7 24. gxh5 Rxh5 25. Qd4 Qc6+ 26. Qd5 Rg5+ 27. Kf1 Qa4 28. Re1 Qxa3 29. f4 Ng4 30. fxg5 Nxe3+ 31. Rxe3 Qc1+ 32. Kf2 Qxd2+ 33. Kg3 Qxe3+ 34. Kh4 fxg5+ 35. Kh5 Rh8+ 36. Kg6 Qe8+ 37. Kf5 Qf8+ 38. Kxg5 Qf6+ 39. Kg4 Qg6+ 40. Kf3 Rf8+ 41. Ke3 Qh6+ 42. Ke4 Qf4+ 43. Kxd3 Rd8 0-1

[Event "RUS Cup Regions"]
[Site "Belgorod"]
[Date "2008.11.22"]
[Round "2"]
[White "Cherniuk, Mikhail"]
[Black "Kovalenko, Sergey"]
[Result "0-1"]
[WhiteElo "2142"]
[BlackElo "2153"]
[PlyCount "110"]
[EventDate "2008.11.21"]
[EventType "swiss"]
[EventRounds "10"]
[EventCountry "RUS"]
[SourceTitle "EXT 2010"]
[Source "ChessBase"]
[SourceDate "2010.11.25"]
[SourceVersion "1"]
[SourceVersionDate "2010.11.25"]
[SourceQuality "1"]

1. c4 b6 2. Nc3 Bb7 3. e4 e6 4. d4 Bb4 5. Qc2 Qh4 6. d5 f5 7. exf5 exd5 8. Nf3 Qe4+ 9. Qxe4+ dxe4 10. Nd4 Bxc3+ 11. bxc3 Nc6 12. Nc2 Nge7 13. Ne3 0-0-0 14. Be2 Ne5 15. Bb2 c5 16. 0-0-0 Rdf8 17. Kb1 Nxf5 18. Bc1 Nxe3 19. Bxe3 Rf7 20. Kb2 Rhf8 21. Rhf1 Ba6 22. Kb3 Nc6 23. Rd5 Rf5 24. Rfd1 Na5+ 25. Kc2 Bxc4 26. Bxc4 Nxc4 27. Rxd7 Nxe3+ 28. fxe3 R5f7 29. R7d2 Rf2 30. Kb3 R8f7 31. Kc4 Kc7 32. a4 Rxd2 33. Rxd2 Kc6 34. Rd5 Rf2 35. Rg5 g6 36. h4 a6 37. Kb3 Rf5 38. Rg4 Kd5 39. c4+ Ke5 40. a5 bxa5 41. Ka4 Rf2 42. Kxa5 Rc2 43. Kxa6 Rxc4 44. Kb5 Rc3 45. Rg3 Kf5 46. Kc6 h6 47. Kd5 Rc2 48. Kd6 g5 49. hxg5 hxg5 50. Kd5 g4 51. Kd6 Rc4 52. Kd5 Rc1 53. Kd6 Kg5 54. Ke5 Kh4 55. Kf4 Rf1+ 0-1

[Event "Khanty-Mansiysk HMAO-ch"]
[Site "Khanty-Mansiysk"]
[Date "2008.01.29"]
[Round "7"]
[White "Samkov, Maxim"]
[Black "Cherniuk, Mikhail"]
[Result "1-0"]
[WhiteElo "2154"]
[BlackElo "2096"]
[PlyCount "81"]
[EventDate "2008.01.25"]
[EventType "swiss"]
[EventRounds "9"]
[EventCountry "RUS"]
[SourceTitle "EXT 2009"]
[Source "ChessBase"]
[SourceDate "2008.11.26"]
[SourceVersion "1"]
[SourceVersionDate "2008.11.26"]
[SourceQuality "1"]

1. d4 Nf6 2. Nf3 c5 3. c3 cxd4 4. cxd4 g6 5. Bf4 d6 6. Nc3 Bg7 7. h3 0-0 8. e3 a6 9. Be2 b5 10. a3 Bb7 11. 0-0 Nbd7 12. Rc1 Rc8 13. Qb3 Qb6 14. Rc2 Nd5 15. Bg5 N7f6 16. Rfc1 Nxc3 17. Rxc3 Bd5 18. Qc2 Rxc3 19. Qxc3 Ne4 20. Qc7 Qxc7 21. Rxc7 Nxg5 22. Nxg5 h6 23. Bf3 Ba2 24. Ne4 e5 25. Nc3 Bc4 26. d5 Rd8 27. Be2 Bb3 28. Rc6 Ra8 29. Rxd6 Kf8 30. Rb6 Ra7 31. d6 f5 32. e4 Kf7 33. Bf3 f4 34. Rc6 Be6 35. Nd5 Rd7 36. Nc7 h5 37. Nxa6 Bf8 38. Nc7 Bc4 39. a4 Rxd6 40. axb5 Ke7 41. Rxc4 1-0

[Event "Arctic Cup 3rd"]
[Site "Salekhard"]
[Date "2007.10.18"]
[Round "11"]
[White "Cherniuk, Mikhail"]
[Black "Bukavshin, Ivan"]
[Result "1/2-1/2"]
[WhiteElo "2126"]
[BlackElo "2248"]
[PlyCount "22"]
[EventDate "2007.10.08"]
[EventType "team"]
[EventRounds "11"]
[EventCountry "RUS"]
[SourceTitle "CBM 120 Extra"]
[Source "ChessBase"]
[SourceDate "2007.11.01"]
[SourceVersion "1"]
[SourceVersionDate "2007.11.01"]
[SourceQuality "1"]

1. e4 c5 2. Nf3 d6 3. Bb5+ Nd7 4. d4 Ngf6 5. Nc3 a6 6. Bxd7+ Nxd7 7. Be3 e6 8. 0-0 Be7 9. a4 b6 10. Nd2 Bb7 11. d5 0-0 1/2-1/2